[Event "BRA Universities (Women) op"]
[Site "Goiania"]
[Date "2012.06.15"]
[Round "6"]
[White "Martinez, Janine"]
[Black "Coelho, Tatiane Cristina"]
[Result "0-1"]
[WhiteElo "1942"]
[BlackElo "1792"]
[PlyCount "86"]
[EventDate "2012.06.13"]
[EventType "swiss"]
[EventRounds "7"]
[EventCountry "BRA"]
[SourceTitle "CBM 149 Extra"]
[Source "ChessBase"]
[SourceDate "2012.08.24"]
[SourceVersion "1"]
[SourceVersionDate "2012.08.24"]
[SourceQuality "1"]

1. d4 Nf6 2. Bg5 e6 3. e4 Be7 4. e5 Nd5 5. Bxe7 Qxe7 6. c3 c5 7. Nf3 Nc6 8. Bd3 cxd4 9. c4 Qb4+ 10. Qd2 Nf4 11. Be4 Qxd2+ 12. Nbxd2 Nxg2+ 13. Kf1 Nf4 14. Bxc6 bxc6 15. Nxd4 0-0 16. Rg1 Nd3 17. b3 Nxe5 18. f4 Nd3 19. f5 e5 20. Rg3 Nf4 21. N4f3 f6 22. Ne4 d5 23. Nd6 Ba6 24. Kf2 Rad8 25. Rag1 Rxd6 26. Rxg7+ Kh8 27. Ke3 dxc4 28. Ne1 cxb3 29. axb3 Bc8 30. Rxa7 Bxf5 31. Rgg7 Bg6 32. h4 Rd1 33. Nf3 Rd3+ 34. Kf2 Rxb3 35. Rgc7 c5 36. h5 Nxh5 37. Rxc5 Rf7 38. Ra6 Rd7 39. Ra2 Rdb7 40. Ra6 Rb2+ 41. Ke1 Kg7 42. Nd2 Rd7 43. Nf3 Ng3 0-1

[Event "BRA Universities (Women) op"]
[Site "Goiania"]
[Date "2012.06.15"]
[Round "5"]
[White "Martinez, Janine"]
[Black "Correa, Lorenna Martins"]
[Result "1-0"]
[WhiteElo "1942"]
[BlackElo "1756"]
[PlyCount "23"]
[EventDate "2012.06.13"]
[EventType "swiss"]
[EventRounds "7"]
[EventCountry "BRA"]
[SourceTitle "CBM 149 Extra"]
[Source "ChessBase"]
[SourceDate "2012.08.24"]
[SourceVersion "1"]
[SourceVersionDate "2012.08.24"]
[SourceQuality "1"]

1. e4 e5 2. Nf3 Nc6 3. d4 exd4 4. Nxd4 Bc5 5. Be3 Qf6 6. Nb5 Bxe3 7. fxe3 Qxb2 8. N1c3 Qb4 9. Nxc7+ Kd8 10. Qd2 Kxc7 11. Nd5+ Kb8 12. Nxb4 1-0

[Event "BRA Universities (Women) op"]
[Site "Goiania"]
[Date "2012.06.13"]
[Round "1"]
[White "Barbalho, Geisa Nascimento"]
[Black "Martinez, Janine"]
[Result "0-1"]
[WhiteElo "1712"]
[BlackElo "1942"]
[PlyCount "86"]
[EventDate "2012.06.13"]
[EventType "swiss"]
[EventRounds "7"]
[EventCountry "BRA"]
[SourceTitle "CBM 149 Extra"]
[Source "ChessBase"]
[SourceDate "2012.08.24"]
[SourceVersion "1"]
[SourceVersionDate "2012.08.24"]
[SourceQuality "1"]

1. e4 e6 2. d3 d5 3. Nc3 c5 4. Nf3 Nc6 5. g3 Nf6 6. Bg2 dxe4 7. dxe4 Qxd1+ 8. Nxd1 Nxe4 9. 0-0 Nf6 10. c3 Be7 11. h3 0-0 12. a3 Rd8 13. Bd2 b6 14. h4 Bb7 15. c4 Rd3 16. Ne1 Rxd2 17. Nf3 Rc2 18. b3 Na5 19. Rb1 Rd8 20. Ne3 Rc3 21. Rbc1 Rxb3 22. Ra1 Ne4 23. Rfd1 Rbd3 24. Ne5 Rxd1+ 25. Nxd1 Bf6 26. Rc1 Bxe5 27. Bxe4 Bxe4 28. Ne3 Rd3 29. Rd1 Rxd1+ 30. Nxd1 Nxc4 31. f4 Bd4+ 32. Nf2 Nxa3 33. Kf1 Bxf2 34. Kxf2 f5 35. Ke3 Nc2+ 36. Kd2 a5 37. g4 fxg4 38. Ke2 g3 39. Kf1 a4 40. h5 a3 41. Ke2 a2 42. h6 a1Q 43. Kd2 Qe1# 0-1

[Event "Campinas Univ op (Women)"]
[Site "Campinas"]
[Date "2011.11.05"]
[Round "3"]
[White "Da Silva, Sandra de Jesus F"]
[Black "Martinez, Janine"]
[Result "0-1"]
[WhiteElo "1875"]
[BlackElo "1925"]
[PlyCount "66"]
[EventDate "2011.11.04"]
[EventType "swiss"]
[EventRounds "7"]
[EventCountry "BRA"]
[SourceTitle "EXT 2022"]
[Source "ChessBase"]
[SourceDate "2021.10.06"]
[SourceVersion "1"]
[SourceVersionDate "2021.10.06"]
[SourceQuality "1"]

1. e4 e6 2. Nf3 d5 3. exd5 exd5 4. Be2 Nf6 5. 0-0 Be7 6. d4 0-0 7. Bg5 b6 8. Nbd2 c5 9. c3 Nc6 10. Ne5 Bb7 11. Nxc6 Bxc6 12. Nf3 Ne4 13. Ne5 Bb7 14. dxc5 bxc5 15. f3 Nf6 16. Re1 d4 17. cxd4 cxd4 18. Bd3 Nd5 19. Bd2 Bd6 20. Nc4 Bc7 21. Qc2 Qh4 22. Ne5 Rac8 23. Qa4 Nf4 24. g3 Nh3+ 25. Kg2 Qh5 26. Qxa7 Ba8 27. Qxd4 Bxe5 28. Rxe5 Qxf3+ 29. Kxh3 Qg2+ 30. Kh4 Rfd8 31. Bxh7+ Kxh7 32. Rh5+ Kg8 33. Rc1 Rxd4+ 0-1

[Event "BRA-ch (Women)"]
[Site "Balneario Camboriu"]
[Date "2011.07.08"]
[Round "4"]
[White "Terao, Juliana Sayumi"]
[Black "Martinez, Janine"]
[Result "1-0"]
[WhiteElo "2169"]
[BlackElo "1941"]
[PlyCount "87"]
[EventDate "2011.07.07"]
[EventType "swiss"]
[EventRounds "7"]
[EventCountry "BRA"]
[SourceTitle "EXT 2012"]
[Source "ChessBase"]
[SourceDate "2011.11.24"]
[SourceVersion "1"]
[SourceVersionDate "2011.11.24"]
[SourceQuality "1"]

1. e4 e6 2. d4 d5 3. Nd2 c5 4. exd5 Qxd5 5. Ngf3 Nc6 6. Bc4 Qd8 7. dxc5 Bxc5 8. 0-0 Nf6 9. Qe2 0-0 10. Nb3 Be7 11. c3 Qc7 12. Re1 Bd7 13. Bg5 Rad8 14. Bd3 h6 15. Bd2 Rfe8 16. h3 Bd6 17. Rad1 Bf4 18. Bxf4 Qxf4 19. Nc5 Qc7 20. Ne4 Nd5 21. Bb1 Na5 22. b3 f5 23. Nd6 Rf8 24. Nxf5 Bc8 25. N5d4 Rf6 26. Qc2 g6 27. c4 Nf4 28. Qe4 a6 29. Qe5 Qxe5 30. Nxe5 Rd6 31. Kh2 Kg7 32. b4 Nxc4 33. Nxc4 Rd5 34. Ne5 Nh5 35. Ng4 Rf4 36. Be4 Rg5 37. Rc1 Rf8 38. Rxc8 Rxc8 39. Nxe6+ Kh7 40. Nxg5+ hxg5 41. Bxb7 Rb8 42. Re7+ Kg8 43. Nh6+ Kf8 44. Rh7 1-0

[Event "Pan American-ch (Women)"]
[Site "Sao Paulo"]
[Date "2010.11.30"]
[Round "4"]
[White "Guerrero Rodriguez, Alejandra"]
[Black "Martinez, Janine"]
[Result "1-0"]
[WhiteElo "2117"]
[BlackElo "1942"]
[PlyCount "89"]
[EventDate "2010.11.28"]
[EventType "swiss"]
[EventRounds "9"]
[EventCountry "BRA"]
[SourceTitle "CBM 139 Extra"]
[Source "ChessBase"]
[SourceDate "2011.01.05"]
[SourceVersion "1"]
[SourceVersionDate "2011.01.05"]
[SourceQuality "1"]

1. e4 d5 2. exd5 Qxd5 3. Nc3 Qd6 4. d4 c6 5. Nf3 Bg4 6. Bc4 Nf6 7. Be3 e6 8. h3 Bh5 9. g4 Bg6 10. Ne5 Qc7 11. Qf3 Bd6 12. Nxg6 hxg6 13. 0-0-0 Nbd7 14. Rhe1 Nb6 15. Bb3 0-0-0 16. Bg5 Rde8 17. Bxf6 gxf6 18. Ne4 Bf4+ 19. Kb1 Nd7 20. c4 g5 21. d5 f5 22. Nc3 Ne5 23. Rxe5 Bxe5 24. gxf5 Bxc3 25. d6 Qd7 26. Qxc3 exf5 27. c5 b6 28. cxb6 axb6 29. Bxf7 Ref8 30. Be6 Qxe6 31. Qxc6+ Kd8 32. Qc7+ Ke8 33. d7+ Kf7 34. d8Q+ Kg6 35. Qde7 Qxe7 36. Qxe7 Rf6 37. Rd7 Rff8 38. Rd6+ Kh5 39. Qe2+ g4 40. hxg4+ fxg4 41. Qe5+ Kh4 42. Qg3+ Kg5 43. Rd5+ Kf6 44. Qe5+ Kg6 45. Rd6+ 1-0

[Event "Pan American-ch (Women)"]
[Site "Sao Paulo"]
[Date "2010.11.29"]
[Round "2"]
[White "Feliciano Ebert, Vanessa"]
[Black "Martinez, Janine"]
[Result "1-0"]
[WhiteElo "2145"]
[BlackElo "1942"]
[PlyCount "73"]
[EventDate "2010.11.28"]
[EventType "swiss"]
[EventRounds "9"]
[EventCountry "BRA"]
[SourceTitle "CBM 139 Extra"]
[Source "ChessBase"]
[SourceDate "2011.01.05"]
[SourceVersion "1"]
[SourceVersionDate "2011.01.05"]
[SourceQuality "1"]

1. e4 d5 2. exd5 Qxd5 3. Nc3 Qd6 4. g3 c6 5. Bg2 Nf6 6. Nge2 e6 7. 0-0 Be7 8. d4 Qc7 9. Nf4 0-0 10. Qe2 Bd6 11. Ne4 Nxe4 12. Bxe4 Rd8 13. Nh5 e5 14. Bg5 Be7 15. Bxe7 Qxe7 16. dxe5 Nd7 17. Qg4 Qxe5 18. Rfe1 Nf8 19. Qf3 Qg5 20. Nf4 Bg4 21. Qc3 Ne6 22. h3 Nxf4 23. gxf4 Qxf4 24. hxg4 Qxg4+ 25. Qg3 Qh5 26. Kg2 Qc5 27. Rad1 f5 28. Qb3+ Kh8 29. Bf3 b6 30. Rxd8+ Rxd8 31. Qf7 h6 32. Re7 Qd4 33. c3 Qf6 34. Qxf6 gxf6 35. Rxa7 Rd6 36. Rc7 c5 37. Rc6 1-0

[Event "BRA-ch (Women)"]
[Site "Catanduva"]
[Date "2010.10.11"]
[Round "5"]
[White "Rodrigues, Fernanda dos Santos"]
[Black "Martinez, Janine"]
[Result "1-0"]
[WhiteElo "1910"]
[BlackElo "1949"]
[PlyCount "81"]
[EventDate "2010.10.09"]
[EventType "swiss"]
[EventRounds "7"]
[EventCountry "BRA"]
[SourceTitle "EXT 2011"]
[Source "ChessBase"]
[SourceDate "2010.11.26"]
[SourceVersion "1"]
[SourceVersionDate "2010.11.26"]
[SourceQuality "1"]

1. e4 e6 2. d4 d5 3. exd5 exd5 4. Bd3 Nf6 5. h3 h6 6. Qf3 Nc6 7. c3 Be6 8. Ne2 Qd7 9. Bf4 Be7 10. Nd2 a6 11. a4 0-0 12. 0-0 Bf5 13. Bxf5 Qxf5 14. Bxc7 Qc2 15. Bf4 Ne4 16. Nxe4 dxe4 17. Qe3 f5 18. d5 Na5 19. Nd4 Qd3 20. Qxd3 exd3 21. Ne6 Rf7 22. Rad1 Nc4 23. b3 Nb6 24. Rxd3 Nd7 25. Rg3 Kh7 26. c4 g5 27. Bd2 f4 28. Rd3 Ne5 29. Rd4 Nd7 30. Re1 Rc8 31. b4 Nb6 32. c5 Nd7 33. d6 Bf6 34. Rde4 Kg6 35. Nc7 Bd8 36. Nd5 Kh5 37. Re6 b6 38. g4+ fxg3 39. fxg3 Rh7 40. g4+ Kh4 41. R1e3 1-0

[Event "BRA-ch (Women)"]
[Site "Catanduva"]
[Date "2010.10.09"]
[Round "2"]
[White "Bucci, Andrea Vidigal"]
[Black "Martinez, Janine"]
[Result "0-1"]
[WhiteElo "1853"]
[BlackElo "1949"]
[PlyCount "32"]
[EventDate "2010.10.09"]
[EventType "swiss"]
[EventRounds "7"]
[EventCountry "BRA"]
[SourceTitle "EXT 2011"]
[Source "ChessBase"]
[SourceDate "2010.11.26"]
[SourceVersion "1"]
[SourceVersionDate "2010.11.26"]
[SourceQuality "1"]

1. e4 e6 2. d4 d5 3. exd5 exd5 4. Qf3 Nf6 5. h3 Be7 6. Bd3 Nc6 7. c3 Be6 8. Ne2 Qd7 9. Bf4 h6 10. Nd2 a6 11. Bg3 0-0-0 12. Nf4 Bf5 13. Nxd5 Qe6+ 14. Be5 Bxd3 15. Nxe7+ Qxe7 16. Qxd3 Nxe5 0-1

[Event "WUCC op (Women) 11th"]
[Site "Zuerich"]
[Date "2010.09.10"]
[Round "8"]
[White "Alavi Hour, Homa"]
[Black "Martinez, Janine"]
[Result "1-0"]
[WhiteElo "1953"]
[BlackElo "1949"]
[PlyCount "75"]
[EventDate "2010.09.05"]
[EventType "swiss"]
[EventRounds "9"]
[EventCountry "SUI"]
[SourceTitle "CBM 138 Extra"]
[Source "ChessBase"]
[SourceDate "2010.10.29"]
[SourceVersion "1"]
[SourceVersionDate "2010.10.29"]
[SourceQuality "1"]

1. d4 Nf6 2. c4 c5 3. e3 g6 4. Nf3 Bg7 5. Nc3 0-0 6. Be2 cxd4 7. exd4 d5 8. 0-0 Nc6 9. c5 b6 10. cxb6 axb6 11. Bf4 Bg4 12. h3 Bxf3 13. Bxf3 e6 14. Nb5 Ra5 15. a4 Ne8 16. Rc1 Qa8 17. b3 Qb7 18. Qd2 Rxb5 19. axb5 Nxd4 20. Bd1 Nxb5 21. b4 Ned6 22. Ba4 Ne4 23. Qd3 Nbc3 24. Bb3 d4 25. f3 e5 26. Bh2 Ng5 27. Rce1 e4 28. fxe4 Ngxe4 29. Rf4 Nd6 30. Rxd4 Bxd4+ 31. Qxd4 Ndb5 32. Qf6 Ne4 33. Rxe4 Qxe4 34. Be5 Qxe5 35. Qxe5 Na7 36. Qc7 Nc8 37. Bc4 b5 38. Bxb5 1-0

[Event "WUCC op (Women) 11th"]
[Site "Zuerich"]
[Date "2010.09.10"]
[Round "7"]
[White "Martinez, Janine"]
[Black "Kadek, Iin Dwijayanti"]
[Result "1-0"]
[WhiteElo "1949"]
[BlackElo "1889"]
[PlyCount "131"]
[EventDate "2010.09.05"]
[EventType "swiss"]
[EventRounds "9"]
[EventCountry "SUI"]
[SourceTitle "CBM 138 Extra"]
[Source "ChessBase"]
[SourceDate "2010.10.29"]
[SourceVersion "1"]
[SourceVersionDate "2010.10.29"]
[SourceQuality "1"]

1. d4 d5 2. Nf3 e6 3. Bg5 Nf6 4. e3 c6 5. Bd3 Nbd7 6. 0-0 Bd6 7. c4 0-0 8. Nc3 Re8 9. cxd5 exd5 10. Bf5 h6 11. Bh4 Nf8 12. Bxc8 Rxc8 13. Qd3 Ng6 14. Bg3 Bxg3 15. hxg3 Ne4 16. Nd2 Nxd2 17. Qxd2 Qg5 18. Rac1 h5 19. Ne2 h4 20. Rc3 hxg3 21. Nxg3 Re6 22. Qc2 Nh4 23. Rc1 Rce8 24. b4 a6 25. a4 Rh6 26. b5 axb5 27. axb5 Ng6 28. bxc6 bxc6 29. Rxc6 Rxe3 30. Nf5 Re4 31. Nxh6+ gxh6 32. Rc8+ Kg7 33. f3 Rh4 34. Qe2 Rxd4 35. Qe8 Qe7 36. Qxe7 Nxe7 37. R8c7 Nf5 38. Rd7 Rd2 39. Rcc7 d4 40. Rxf7+ Kg6 41. Rfd7 h5 42. Rc5 Rd1+ 43. Kf2 Rd2+ 44. Kf1 d3 45. Re5 Kf6 46. f4 Ng3+ 47. Ke1 Re2+ 48. Rxe2 Nxe2 49. Rxd3 Nxf4 50. Rf3 Ke5 51. Kf2 Ke4 52. Re3+ Kf5 53. Kf3 Ne6 54. Ra3 Nd4+ 55. Kg3 Ne2+ 56. Kh4 Kg6 57. Ra6+ Kf5 58. Ra5+ Kf6 59. g3 Kg6 60. Rg5+ Kf6 61. Rxh5 Nd4 62. g4 Kf7 63. Ra5 Ne6 64. Ra7+ Kg8 65. g5 Nf4 66. Kg4 1-0

[Event "WUCC op (Women) 11th"]
[Site "Zuerich"]
[Date "2010.09.06"]
[Round "2"]
[White "De Silva, Himeshi"]
[Black "Martinez, Janine"]
[Result "0-1"]
[WhiteElo "1908"]
[BlackElo "1949"]
[PlyCount "48"]
[EventDate "2010.09.05"]
[EventType "swiss"]
[EventRounds "9"]
[EventCountry "SUI"]
[SourceTitle "CBM 138 Extra"]
[Source "ChessBase"]
[SourceDate "2010.10.29"]
[SourceVersion "1"]
[SourceVersionDate "2010.10.29"]
[SourceQuality "1"]

1. e4 e6 2. d4 d5 3. exd5 exd5 4. Nc3 Nf6 5. Bg5 Be7 6. Bd3 h6 7. Bh4 Nc6 8. Nf3 Bg4 9. Bb5 0-0 10. Bxc6 bxc6 11. 0-0 Ne4 12. Bg3 Bf6 13. Qd3 Bxf3 14. gxf3 Ng5 15. Kh1 Rb8 16. Rab1 Rb4 17. Ne2 Qb8 18. b3 Qb5 19. Qe3 c5 20. dxc5 Re8 21. Qc1 Qxe2 22. Re1 Qxf3+ 23. Kg1 Nh3+ 24. Kf1 Qh1# 0-1

[Event "WUCC op (Women) 11th"]
[Site "Zuerich"]
[Date "2010.09.05"]
[Round "1"]
[White "Martinez, Janine"]
[Black "Timofeeva, Ekaterina"]
[Result "0-1"]
[WhiteElo "1949"]
[BlackElo "2298"]
[PlyCount "68"]
[EventDate "2010.09.05"]
[EventType "swiss"]
[EventRounds "9"]
[EventCountry "SUI"]
[SourceTitle "CBM 138 Extra"]
[Source "ChessBase"]
[SourceDate "2010.10.29"]
[SourceVersion "1"]
[SourceVersionDate "2010.10.29"]
[SourceQuality "1"]

1. d4 d6 2. Nf3 Bg4 3. c4 Nd7 4. Nc3 c6 5. e4 e5 6. Be2 Be7 7. 0-0 Bxf3 8. Bxf3 Bg5 9. d5 Bxc1 10. Rxc1 c5 11. Ne2 Ngf6 12. Ng3 g6 13. Rc3 h5 14. Qd2 Ng4 15. h3 Qh4 16. Bd1 Ngf6 17. f4 exf4 18. Rxf4 Qg5 19. h4 Qe5 20. Qf2 0-0-0 21. Ra3 Kb8 22. b4 Qa1 23. Qc2 cxb4 24. Ra4 Ng4 25. Nf1 Nc5 26. Rxb4 Qd4+ 27. Kh1 Nd3 28. Rxb7+ Kxb7 29. Rxf7+ Ka8 30. Qa4 Ndf2+ 31. Rxf2 Nxf2+ 32. Kh2 Nxd1 33. Qc6+ Kb8 34. Qb5+ Qb6 0-1

[Event "Wch U20 Girls"]
[Site "Puerto Madryn"]
[Date "2009.10.25"]
[Round "5"]
[White "Reginato, Sabrina"]
[Black "Martinez, Janine"]
[Result "0-1"]
[WhiteElo "1880"]
[BlackElo "1948"]
[PlyCount "98"]
[EventDate "2009.10.22"]
[EventType "swiss"]
[EventRounds "13"]
[EventCountry "ARG"]
[SourceTitle "EXT 2010"]
[Source "ChessBase"]
[SourceDate "2010.11.25"]
[SourceVersion "1"]
[SourceVersionDate "2010.11.25"]
[SourceQuality "1"]

1. d4 Nf6 2. Nf3 c5 3. e3 g6 4. c4 Bg7 5. Nc3 cxd4 6. exd4 0-0 7. Bd3 d5 8. h3 dxc4 9. Bxc4 Bf5 10. 0-0 Nc6 11. a3 Rc8 12. Re1 Kh8 13. Ba2 Na5 14. Qe2 Qb6 15. Qxe7 Rce8 16. Qc5 Rxe1+ 17. Nxe1 Nd7 18. Qxb6 Nxb6 19. Nf3 Kg8 20. Nb5 Be4 21. Ne5 Nc6 22. f4 Bd5 23. Be3 Rd8 24. Nxc6 Bxc6 25. Nxa7 Be8 26. d5 Na4 27. Rd1 Bxb2 28. Bb3 Bxa3 29. Ra1 Bc5 30. Kf2 Bxe3+ 31. Kxe3 Nc3 32. Kd4 Ne2+ 33. Ke3 Ng3 34. Ra5 Nf5+ 35. Kd3 Nd6 36. Bc4 Kg7 37. Rc5 Ra8 38. Nb5 b6 39. Nxd6 bxc5 40. Nxe8+ Rxe8 41. Bb5 Re1 42. Bc6 Kf6 43. Kd2 Re4 44. Kd3 Rxf4 45. Ke3 Rd4 46. Bb7 Ke5 47. Bc6 c4 48. Ba4 Rxd5 49. Bc2 c3 0-1

[Event "Wch U20 Girls"]
[Site "Puerto Madryn"]
[Date "2009.10.23"]
[Round "2"]
[White "Martinez, Janine"]
[Black "Heredia Serrano, Carla Sofia"]
[Result "0-1"]
[WhiteElo "1948"]
[BlackElo "2152"]
[PlyCount "102"]
[EventDate "2009.10.22"]
[EventType "swiss"]
[EventRounds "13"]
[EventCountry "ARG"]
[SourceTitle "EXT 2010"]
[Source "ChessBase"]
[SourceDate "2010.11.25"]
[SourceVersion "1"]
[SourceVersionDate "2010.11.25"]
[SourceQuality "1"]

1. d4 Nf6 2. Nf3 g6 3. Bg5 Bg7 4. e3 d6 5. Be2 0-0 6. 0-0 Nbd7 7. c4 Ne4 8. Bh4 c5 9. Qc2 Ndf6 10. Nc3 b6 11. a3 Bb7 12. b4 Rc8 13. Rab1 cxd4 14. exd4 Nh5 15. Nb5 Nef6 16. Nxa7 Ra8 17. Nb5 Be4 18. Bd3 Bxf3 19. gxf3 Nf4 20. Bg3 N6h5 21. Be4 Qd7 22. Kh1 d5 23. Bd3 dxc4 24. Bxc4 Rac8 25. Rbc1 Bh6 26. a4 Nh3 27. f4 N3xf4 28. Qe4 Nf6 29. Qf3 N4d5 30. Rc2 Nxb4 31. Rc3 Nfd5 32. Bxd5 Nxd5 33. Rb3 Rc6 34. Na7 Rf6 35. Qe4 Re6 36. Qh4 Qxa4 37. Rfb1 g5 38. Qg4 Qxa7 39. Qf5 Qb7 40. Kg1 Rf6 41. Qe4 Qd7 42. Be5 Rg6 43. Rg3 f6 44. Bc7 Nxc7 45. Rxb6 Nd5 46. Re6 Ra8 47. h4 Ra1+ 48. Kh2 Kf7 49. h5 Qxe6 50. hxg6+ hxg6 51. Qc2 Qe1 0-1

[Event "Campinas Fujishima Memorial"]
[Site "Campinas"]
[Date "2009.09.27"]
[Round "11"]
[White "Martinez, Janine"]
[Black "Menezes Se, Daniel"]
[Result "1-0"]
[WhiteElo "1952"]
[BlackElo "1608"]
[PlyCount "99"]
[EventDate "2009.08.23"]
[EventType "tourn"]
[EventRounds "11"]
[EventCountry "BRA"]
[SourceTitle "EXT 2012"]
[Source "ChessBase"]
[SourceDate "2011.11.24"]
[SourceVersion "1"]
[SourceVersionDate "2011.11.24"]
[SourceQuality "1"]

1. d4 Nf6 2. Nf3 e6 3. g3 c5 4. c4 d5 5. Bg2 Nc6 6. cxd5 exd5 7. 0-0 Be7 8. Nc3 0-0 9. dxc5 Bxc5 10. h3 a6 11. Bg5 Be7 12. Nd4 Nxd4 13. Qxd4 Be6 14. Rac1 Rc8 15. Rfd1 Bc5 16. Qd2 h6 17. Bxh6 gxh6 18. Qxh6 Rc6 19. Qg5+ Kh8 20. e4 d4 21. e5 Nd5 22. Qh6+ Kg8 23. Ne4 Be7 24. Rxc6 bxc6 25. Rxd4 Re8 26. Nf6+ Bxf6 27. exf6 Qxf6 28. Qxf6 Nxf6 29. Bxc6 Rb8 30. b3 Rc8 31. Rd6 Ne8 32. Bxe8 Rxe8 33. Rxa6 Bxh3 34. b4 Be6 35. a4 Kg7 36. b5 Rb8 37. f4 Kf6 38. Kf2 Rd8 39. Ke3 Rb8 40. g4 Ke7 41. f5 Bb3 42. g5 Bxa4 43. Rxa4 Rxb5 44. Ra7+ Ke8 45. Ke4 Rc5 46. Ra8+ Kd7 47. g6 fxg6 48. fxg6 Rg5 49. g7 Rg4+ 50. Kf3 1-0

[Event "Campinas Fujishima Memorial"]
[Site "Campinas"]
[Date "2009.09.19"]
[Round "6"]
[White "Abe Nelson, Thoru"]
[Black "Martinez, Janine"]
[Result "0-1"]
[WhiteElo "1817"]
[BlackElo "1952"]
[PlyCount "110"]
[EventDate "2009.08.23"]
[EventType "tourn"]
[EventRounds "11"]
[EventCountry "BRA"]
[SourceTitle "EXT 2012"]
[Source "ChessBase"]
[SourceDate "2011.11.24"]
[SourceVersion "1"]
[SourceVersionDate "2011.11.24"]
[SourceQuality "1"]

1. d4 Nf6 2. c4 d6 3. Nf3 Bg4 4. e3 e5 5. Be2 exd4 6. Nxd4 Bxe2 7. Qxe2 Nbd7 8. Nc3 g6 9. b3 Bg7 10. Bb2 0-0 11. 0-0 a6 12. Rfd1 Nc5 13. b4 Nce4 14. Qf3 Qe7 15. Nxe4 Nxe4 16. Rab1 c5 17. bxc5 dxc5 18. Ne2 Rfd8 19. Bxg7 Kxg7 20. Ng3 Nd2 21. Rxd2 Rxd2 22. Rxb7 Qe6 23. h4 Rad8 24. h5 Rxa2 25. Qf4 h6 26. hxg6 Rd1+ 27. Kh2 Qxg6 28. Nf5+ Kh7 29. Nh4 Qd6 30. Rxf7+ Kg8 31. Qxd6 Rxd6 32. Rc7 Rxf2 33. Rxc5 Kf7 34. Rc7+ Kf6 35. Rh7 Ke5 36. Nf3+ Ke4 37. c5 Rg6 38. Nh4 Rc6 39. Kg3 Rf1 40. Re7+ Kd5 41. e4+ Kxc5 42. Nf3 a5 43. Kf4 a4 44. Ra7 Kb5 45. Ke5 Ra6 46. Nd4+ Kb6 47. Rxa6+ Kxa6 48. Kd5 a3 49. Nc2 a2 50. Nb4+ Kb5 51. Nxa2 Rd1+ 52. Ke5 Kc4 53. g4 Ra1 54. Kf6 Rxa2 55. e5 Kd5 0-1

[Event "Campinas Fujishima Memorial"]
[Site "Campinas"]
[Date "2009.09.19"]
[Round "7"]
[White "Martinez, Janine"]
[Black "Caricatto, Nadia Piccinin"]
[Result "1-0"]
[WhiteElo "1952"]
[BlackElo "1577"]
[PlyCount "49"]
[EventDate "2009.08.23"]
[EventType "tourn"]
[EventRounds "11"]
[EventCountry "BRA"]
[SourceTitle "EXT 2012"]
[Source "ChessBase"]
[SourceDate "2011.11.24"]
[SourceVersion "1"]
[SourceVersionDate "2011.11.24"]
[SourceQuality "1"]

1. c4 Nf6 2. Nf3 g6 3. Nc3 Bg7 4. e3 0-0 5. Be2 c5 6. 0-0 Nc6 7. d4 d6 8. a3 d5 9. dxc5 dxc4 10. Qxd8 Rxd8 11. Bxc4 Na5 12. Ba2 Bg4 13. b4 Nc6 14. Ng5 e6 15. Rb1 Nd5 16. Nxd5 exd5 17. f3 Bf5 18. e4 dxe4 19. Bxf7+ Kh8 20. fxe4 Bg4 21. Bd5 Bd4+ 22. Kh1 Rd7 23. Nf7+ Kg7 24. Bh6+ Kg8 25. Nd8+ 1-0

[Event "Campinas Fujishima Memorial"]
[Site "Campinas"]
[Date "2009.09.18"]
[Round "5"]
[White "Martinez, Janine"]
[Black "Dos Santos, Erickson Cristiano"]
[Result "1-0"]
[WhiteElo "1952"]
[BlackElo "1711"]
[PlyCount "111"]
[EventDate "2009.08.23"]
[EventType "tourn"]
[EventRounds "11"]
[EventCountry "BRA"]
[SourceTitle "EXT 2012"]
[Source "ChessBase"]
[SourceDate "2011.11.24"]
[SourceVersion "1"]
[SourceVersionDate "2011.11.24"]
[SourceQuality "1"]

1. d4 d5 2. Nf3 Nc6 3. c4 Bg4 4. e3 Nf6 5. Nc3 e6 6. cxd5 exd5 7. Be2 Bb4 8. Qc2 0-0 9. 0-0 Qd6 10. a3 Bxc3 11. Qxc3 Ne4 12. Qc2 Qe6 13. Bd2 Qf5 14. h3 Bxf3 15. Bxf3 Rfd8 16. Rfc1 Nd6 17. Qxf5 Nxf5 18. Rc5 Nfe7 19. Rac1 Rd6 20. b4 a6 21. a4 b6 22. R5c2 b5 23. axb5 axb5 24. Be2 Rb8 25. Rc5 Rb6 26. Bxb5 f6 27. Bd3 Nxb4 28. Bxb4 Rxb4 29. Rxc7 Kf7 30. Bxh7 Rbb6 31. Bg6+ Kxg6 32. Rxe7 Re6 33. Rxe6 Rxe6 34. Rc5 Rd6 35. Kh2 Kf5 36. Kg3 g5 37. Kf3 Ke6 38. g3 Ra6 39. h4 Ra2 40. Rc6+ Kf7 41. hxg5 fxg5 42. Rd6 Ra5 43. Kg4 Ke7 44. Rg6 Ra8 45. Rxg5 Kd6 46. Kf4 Rf8+ 47. Rf5 Rb8 48. Rf6+ Ke7 49. Ke5 Rb2 50. g4 Rb3 51. Rd6 Rb2 52. f4 Rb3 53. Re6+ Kd7 54. Kxd5 Rb5+ 55. Kc4 Rb2 56. d5 1-0

[Event "BRA-ch U20 Girls"]
[Site "Guarapari"]
[Date "2009.09.06"]
[Round "5"]
[White "Martinez, Janine"]
[Black "Pereira, Amanda Marques"]
[Result "0-1"]
[WhiteElo "1948"]
[BlackElo "1959"]
[PlyCount "108"]
[EventDate "2009.09.04"]
[EventType "swiss"]
[EventRounds "7"]
[EventCountry "BRA"]
[SourceTitle "EXT 2012"]
[Source "ChessBase"]
[SourceDate "2011.11.24"]
[SourceVersion "1"]
[SourceVersionDate "2011.11.24"]
[SourceQuality "1"]

1. d4 Nf6 2. Nf3 d6 3. Bg5 Nbd7 4. e3 g6 5. Bd3 Bg7 6. c4 h6 7. Bh4 0-0 8. Qc2 e5 9. Nc3 c6 10. 0-0-0 a6 11. h3 b5 12. g4 bxc4 13. Bxc4 exd4 14. Rxd4 d5 15. Bd3 Qb6 16. g5 hxg5 17. Nxg5 Ne5 18. Bg3 Nxd3+ 19. Qxd3 Bf5 20. Qe2 Ne4 21. Ncxe4 Bxd4 22. exd4 dxe4 23. Nxe4 Qxd4 24. Nd6 Qc5+ 25. Qc4 Qxc4+ 26. Nxc4 Rad8 27. Nd6 Be6 28. Kc2 f5 29. Be5 Bd5 30. Rg1 Kh7 31. f4 Rd7 32. Rg3 Rfd8 33. Ra3 Rxd6 34. Bxd6 Rxd6 35. Rxa6 Be4+ 36. Kc3 Rd3+ 37. Kc4 Rf3 38. Kc5 Rxf4 39. a4 Rf2 40. b4 Ra2 41. a5 f4 42. Ra7+ Kh6 43. Re7 Bd5 44. Re8 f3 45. Rf8 Kg7 46. Rf4 f2 47. a6 Bg2 48. a7 f1Q 49. Rxf1 Bxf1 50. Kb6 Bxh3 51. Kb7 Bg2 52. Kb8 g5 53. a8Q Rxa8+ 54. Kxa8 c5+ 0-1

[Event "Campinas Fujishima Memorial"]
[Site "Campinas"]
[Date "2009.08.23"]
[Round "2"]
[White "Martinez, Janine"]
[Black "De Moraes, Francisco Jose Baen"]
[Result "0-1"]
[WhiteElo "1952"]
[BlackElo "1985"]
[PlyCount "82"]
[EventDate "2009.08.23"]
[EventType "tourn"]
[EventRounds "11"]
[EventCountry "BRA"]
[SourceTitle "EXT 2012"]
[Source "ChessBase"]
[SourceDate "2011.11.24"]
[SourceVersion "1"]
[SourceVersionDate "2011.11.24"]
[SourceQuality "1"]

1. d4 d5 2. c4 e6 3. Nc3 Nf6 4. Nf3 Be7 5. Bg5 Nbd7 6. e3 c6 7. cxd5 exd5 8. Bd3 0-0 9. 0-0 Nh5 10. Bxe7 Qxe7 11. Qc2 g6 12. Rfe1 f5 13. Rab1 Nhf6 14. b4 b5 15. a4 a6 16. a5 Ne8 17. Ne2 Bb7 18. Nf4 Nd6 19. Bf1 Nc4 20. Nd3 Na3 21. Qd2 Nxb1 22. Rxb1 Nf6 23. Nfe5 Ne8 24. Rc1 Rc8 25. Nc5 Nd6 26. Bd3 Nc4 27. Bxc4 dxc4 28. h3 Rf6 29. f3 Rd8 30. Qc3 Rfd6 31. Kf2 f4 32. Rd1 fxe3+ 33. Qxe3 Bc8 34. Rd2 Qh4+ 35. g3 Qxh3 36. Qf4 Qh2+ 37. Ke3 Qg1+ 38. Ke2 Rf8 39. Qh4 c3 40. Rd1 Qg2+ 41. Ke1 c2 0-1